000 00767nam a2200217Ii 4500
003 JO-AjNU
008 230605s9999||||xx |||||||||||||| ||und||
017 _a2008/24526
020 _a977-368-252-8
040 _aJO-AjNU
_bara
_erda
_cJO-AjNU
041 _aara
050 1 4 _aHF 5549 .5 .C35. S296 2009
100 3 _aالصيرفي، محمد,
_eauthor
_944217
245 0 0 _aتنمية المهارات الادارية والسلوكية للعاملين الجدد
264 3 1 _aالاسكندرية: مؤسسة حورس الدولية للنشر والتوزيع ،2009
300 _a422ص
336 _atext
_btxt
_2rdacontent
337 _aunmediated
_bn
_2rdamedia
338 _avolume
_bnc
_2rdacarrier
650 4 _aالتنمية الإدارية
_944218
999 _aA19074
_c22642
_d22642